|
|
|
|
| LEADER |
00000nam a22000007a 4500 |
| 005 |
20130125131422.0 |
| 007 |
cr|||| |||| |
| 008 |
130125e2012 mx |||||s|||| 00||0 spa d |
| 020 |
|
|
|a 6079523582
|
| 035 |
|
|
|a 6839
|
| 040 |
|
|
|a vLex
|
| 090 |
|
|
|c 3611
|d 3611
|
| 100 |
1 |
0 |
|a Luna Sǹchez, Albino
|
| 245 |
1 |
0 |
|a Catl̀ogo Iconogrf̀ico de la Declaracin̤ Universal de los Derechos Humanos
|h [Recurso electrn̤ico]
|
| 256 |
|
|
|a Servicio en ln̕ea
|
| 260 |
|
|
|a Tlalnepantla de Baz, Mx̌ico :
|b Comisin̤ de Derechos Humanos del Estado de Mx̌ico (CODHEM),
|c 2012
|
| 300 |
|
|
|a 1 Recurso electrn̤ico
|
| 650 |
0 |
4 |
|a Derechos humanos
|
| 740 |
|
|
|a vLex Libros (Servicio en ln̕ea)
|
| 856 |
|
|
|u http://www.vlex.com/source/6839
|
| 942 |
|
|
|c BOOK
|
| 999 |
|
0 |
|a Human rights
|